| 000 | 00915nam0a22002531 4500 | ||
|---|---|---|---|
| 001 | rc\199662 | ||
| 005 | 20030307113937.3 | ||
| 010 |
_a5-335-00278-6 _93000 |
||
| 035 | _a(NLR Aleph) 005453211 | ||
| 090 |
_a4879476 _c4879476 |
||
| 100 | _a20030307d1991 u |0rusy50 ca | ||
| 101 | 0 | _arus | |
| 102 | _aRU | ||
| 105 | _aa ||||||||| | ||
| 200 | 1 |
_aСправочник по организации и планированию грузовых автомобильных перевозок _f[И.Г. Крамаренко и др.] _gПод ред. И.Г. Крамаренко |
|
| 210 |
_aКиев _cТэхника _d1991 |
||
| 215 |
_a206, [2] с. _cил. _d21 |
||
| 320 | _aБиблиогр.: с. 204-207 (68 назв.) | ||
| 702 | 1 |
_aКрамаренко _bИ. Г. _gИван Гаврилович _4220 |
|
| 801 | 0 |
_aRU _bNLR _gpsbo |
|
| 801 | 1 |
_aRU _bELAR _2rusmarc |
|
| 852 |
_aNLR _j91-3/1586 |
||
| 942 | _cBOOK | ||
| 980 | _aNB | ||